15 Największych Miast Stanów Zjednoczonych z Mapą - Statystyki

Ogólne statystyki
  • Ten quiz został rozwiązany 45 razy
  • Średni wynik to 9 z 15
Odpowiedzi na mapie
Odpowiedzi zakodowano w zielono-czerwonej skali na mapie do tego quizu, zgodnie z poniższymi procentami.
 
Statystyki odpowiedzi
Stan Miasto Populacja % Poprawnych
Illinois Chicago 2,7 mln
100%
Kalifornia Los Angeles 3,9 mln
100%
Nowy Jork Nowy Jork 8,5 mln
100%
Teksas Dallas 1,3 mln
90%
Texas Houston 2,4 mln
81%
Pensylwania Philadelphia 1,6 mln
71%
Kalifornia San Diego 1,4 mln
68%
Arizona Phoenix 1,7 mln
65%
Teksas San Antonio 1,5 mln
58%
Teksas Austin 990k
48%
Floryda Jacksonville 1 mln
35%
Karolina Północna Charlotte 940k
29%
Ohio Columbus 930k
26%
Kalifornia San Jose 1 mln
23%
Teksas Fort Worth 1 mln
19%
Nie znaleziono quizów pasujących do podanych kryteriów
Rozkład punktacji
Procent ludzi z każdym wynikiem
Percentyl według liczby udzielonych odpowiedzi
Twoja historia wyników
Nie rozwiązałeś tego quizu